000
00309 a2200157 4500
001
184827
020
_a
978-1-4058-6969-0
040
_c
Magnum
100
_a
Harvey, Paul
240
1
0
_a
Surfer!
_l
ING
245
1
0
_a
Surfer!
300
_a
28
362
0
_a
2008
697
_a
LITERATURA INGLESA
942
_c
BK
999
_c
184827
_d
184827